Biblioteca y Centro de Documentación

Our lives in their portfolios (Registro nro. 53095)

Detalles MARC
000 -CABECERA
Longitud fija campo de control 02686nam a2200373 c 4500
001 - NÚMERO DE CONTROL
Número de control 53095
003 - IDENTIFICADOR DE NÚMERO DE CONTROL
Identificador del número de control ES-MaCES
005 - FECHA Y HORA DE LA ÚLTIMA TRANSACCIÓN
Fecha y hora de la última transacción 20250203133003.0
008 - CAMPO FIJO DE DESCRIPCIÓN FIJA--INFORMACIÓN GENERAL
Códigos de información de longitud fija   240228s2023 uk 000 | eng d
020 ## - ISBN (INTERNATIONAL STANDARD BOOK NUMBER)
Número Internacional Normalizado para Libros (ISBN) 9781839768989
040 ## - FUENTE DE CATALOGACIÓN
Centro catalogador de origen ES-MaCES
Lengua de catalogación spa
Centro transcriptor ES-MaCES
100 1# - ENCABEZAMIENTO PRINCIPAL--NOMBRE PERSONAL
Nombre de persona Christophers, Brett
9 (RLIN) 40568
245 10 - MENCIÓN DE TÍTULO
Título Our lives in their portfolios
Resto del título : why asset managers own the world
Mención de responsabilidad, etc. Brett Christophers
250 ## - MENCIÓN DE EDICIÓN
Mención de edición 1st ed
260 ## - PUBLICACIÓN, DISTRIBUCIÓN, ETC (PIE DE IMPRENTA)
Lugar de publicación, distribución, etc. London
-- New York
Nombre del editor, distribuidor, etc. Verso
Fecha de publicación, distribución, etc. 2023
300 ## - DESCRIPCIÓN FÍSICA
Extensión X, 310 p.
Dimensiones 24 cm
500 ## - NOTA GENERAL
Nota general Índices
520 ## - RESUMEN, ETC.
Sumario, etc, Los bancos han pasado a un segundo plano desde la crisis financiera mundial hace más de una década. Hoy, nuestros nuevos maestros financieros son los gestores de activos, como Blackstone y BlackRock. Y no sólo poseen activos financieros.<br/>Las carreteras por las que conducimos; las tuberías que abastecen nuestra agua potable; las tierras de cultivo que nos proporcionan alimentos; sistemas energéticos para electricidad y calor; hospitales, escuelas e incluso los hogares en los que muchos de nosotros vivimos, todos ellos ahora engrosan las abultadas carteras de inversión de los administradores de activos.<br/>Como propietarios de cada vez más elementos básicos de la vida cotidiana, los administradores de activos moldean las vidas de todos y cada uno de nosotros de maneras profundas e inquietantes. En esta reveladora continuación de El capitalismo rentista, Brett Christophers levanta el velo sobre la "sociedad de gestión de activos".<br/>Los administradores de activos, muestra, son diferentes a los propietarios tradicionales de viviendas y otras infraestructuras esenciales. Al comprar y vender estos activos que sustentan la vida a un ritmo vertiginoso, el quid de su modelo de negocio no es la inversión a largo plazo y una custodia cuidadosa, sino la obtención de ganancias rápidas para ellos y los inversores que los respaldan.<br/>En la sociedad de gestión de activos, los entornos naturales y construidos que nos sustentan se convierten en un vehículo más para desviar dinero de la mayoría a unos pocos.<br/>​
541 ## - NOTA DE LA FUENTE INMEDIANTE DE ADQUISICIÓN
Forma de adquisición Compra
650 #4 - ASIENTO SECUNDARIO DE MATERIA--TÉRMINO DE MATERIA
Término de materia o nombre geográfico como elemento inicial sector financiero
9 (RLIN) 30761
650 #4 - ASIENTO SECUNDARIO DE MATERIA--TÉRMINO DE MATERIA
Término de materia o nombre geográfico como elemento inicial administración financiera
9 (RLIN) 27208
650 #4 - ASIENTO SECUNDARIO DE MATERIA--TÉRMINO DE MATERIA
Término de materia o nombre geográfico como elemento inicial dirección financiera
9 (RLIN) 29241
650 #4 - ASIENTO SECUNDARIO DE MATERIA--TÉRMINO DE MATERIA
Término de materia o nombre geográfico como elemento inicial recursos de capital
9 (RLIN) 28133
650 #4 - ASIENTO SECUNDARIO DE MATERIA--TÉRMINO DE MATERIA
Término de materia o nombre geográfico como elemento inicial fomento de las inversiones
9 (RLIN) 28144
650 #4 - ASIENTO SECUNDARIO DE MATERIA--TÉRMINO DE MATERIA
Término de materia o nombre geográfico como elemento inicial rentabilidad de la inversión
9 (RLIN) 28153
650 #4 - ASIENTO SECUNDARIO DE MATERIA--TÉRMINO DE MATERIA
Término de materia o nombre geográfico como elemento inicial consecuencias económicas
9 (RLIN) 27082
650 #4 - ASIENTO SECUNDARIO DE MATERIA--TÉRMINO DE MATERIA
Término de materia o nombre geográfico como elemento inicial consecuencias sociales
9 (RLIN) 27288
650 #4 - ASIENTO SECUNDARIO DE MATERIA--TÉRMINO DE MATERIA
Término de materia o nombre geográfico como elemento inicial distribución del ingreso
9 (RLIN) 27109
650 #4 - ASIENTO SECUNDARIO DE MATERIA--TÉRMINO DE MATERIA
Término de materia o nombre geográfico como elemento inicial riqueza
9 (RLIN) 29375
650 #4 - ASIENTO SECUNDARIO DE MATERIA--TÉRMINO DE MATERIA
Término de materia o nombre geográfico como elemento inicial teoría económica
9 (RLIN) 27076
653 10 - TÉRMINO DE INDEXACIÓN--NO CONTROLADO
Término no controlado Financiación
902 ## - CES. TIPO DE DOCUMENTO
Tipodoc (006$c Sirtex) LIB Libro
942 ## - ELEMENTOS KOHA
Fuente de clasificaión o esquema Clasificación propia del CES
Koha [por defecto] tipo de item Monografías
Parte de clasificación Economía
Existencias
Número de registro Signatura completa Tipo de item de Koha
093340 SG-0.0.-848 Monografías
© CES, Consejo Económico y Social de España 2021